| 000 | 00545nam a2200181Ia 4500 | ||
|---|---|---|---|
| 003 | GCL | ||
| 008 | 140319s9999 xx 000 0 ara d | ||
| 040 |
_aGCL / _cGCL |
||
| 082 | 0 | 4 |
_a841 _bش ش |
| 100 | 1 | _aشفيق مقار | |
| 245 | 1 | 0 |
_aشى من الشعر مختارات من الشعر الفرنسى / _cشفيق مقار |
| 700 | 1 | _aمحمود تيمور (مراجع) | |
| 300 | _a211 ص | ||
| 490 | _a | ||
| 650 | 0 | 4 | _aالادب الفرنسى |
| 650 | 0 | 4 | _aالشعر الفرنسى - دواوين وقصائد |
| 942 |
_2ddc _cBK |
||
| 999 |
_c40130 _d40130 |
||